02727cam a22003855a 4500001001000000003000400010005001700014008004100031020002500072040003600097082002300133245015500156246001400311246009500325246008200420260004000502300002600542500002400568500003300592504004100625520044100666520063601107630006301743650005101806650006501857651001001922653002201932655002401954700002801978710003602006942000802042999001702050952012902067952014502196017764993OSt20201128023712.0160210s2016 nju frbu 001 0 eng d a9781119104360 (pbk.) aStDuBDSbengcStDuBDSdEG-ScBUE04a657.30218bWIL22200aWiley IFRS 2016 :binterpretation and application of international financial reporting standards /cAsif Chaudhry ... [et al.], PKF International Ltd.30aIFRS 201634aWiley 2016 : interpretation and application of international financial reporting standards30aInterpretation and application of international financial reporting standards aHoboken :bJohn Wily & Sons,c2016. avii, 996 p. ;c24 cm. aIndex : p. 959-996. aAlso available as an e-Book. aIncludes bibliographical references. aWiley IFRS® 2016 provides a complete and up-to-date explanation of all IFRS® requirements, coupled with examples of how to apply the rules in complex, real-world situations. It can be used to train accounting staff, and to serve as a reference guide during the implementation of IFRS® and preparation of IFRS®-based financial statements. Wiley IFRS® 2016 is equally valuable for preparers, auditors, and users of financial reports. aInternational Financial Reporting Standards (IFRS®) are now in use in over 120 jurisdictions worldwide, including the European Union and most countries in Asia, the Middle East and South America. In the United States companies have been permitted to use them by the Securities and Exchange Commission since 2007. With further refinements to IFRS® by the International Accounting Standards Board (IASB) resulting in changes on a yearly basis, and given the now virtually unstoppable momentum worldwide to adopt (or, in some cases, adapt) IFRS®, mastery of this knowledge is a necessity for all preparers of financial statements.07aInternational financial reporting standards.2BUEsh936756 0aFinancial statementsxStandards.2BUEsh939721 7aInternational business enterprisesxAccounting.2BUEsh93016 2BUEsh bBUSADMcMarch2016 vReading book9342321 aChaudhry, Asif. 9397222 aPKF International (Firm)939723 2ddc c21550d21522 00102ddc40708BaccahaMAINbMAINc1STd2016-03-30ePurchaseg840.00l0o657.30218 WILp000032240r2025-07-15 00:00:00yBB 00102ddc40708BaccahaMAINbMAINc1STd2016-03-30ePurchaseg840.00l1m11o657.30218 WILp000032241r2025-07-15 00:00:00s2022-05-24yBB